000 00595nam a2200241 a 4500
001 nice12345678
003 IN_TiNIC
005 20260116012310.0
008 050524s1991 newa grp 000 0 eng
020 _a8170952
_c125
082 0 0 _a320.5
_bBAR
100 _aBarua, B P
245 _aEminent Thinkers in India and Pakistan
260 _aNew Delhi
_bLancers Book
_c1991
300 _a110p
500 _aincludes index and biblioraphy
505 2 _aIndex
650 _aPolitics-Ideologies-Indian
700 1 _aBarua, B P
902 _bSRS
942 _cBK
999 _c6447
_d6447